| 000 | 00811nam a22002177a 4500 | ||
|---|---|---|---|
| 003 | CO-CtgCURN | ||
| 005 | 20250402153830.0 | ||
| 008 | 250402b |||||||| |||| 00| 0 eng d | ||
| 020 | _a9583006386 | ||
| 040 | _ccoctgcurn | ||
| 082 |
_a320.1 _bM297p |
||
| 100 | _aMaquiavelo, Nicolás. | ||
| 245 |
_aEl príncipe / _cNicolás Maquiavelo , traducción Edmundo González Blanco , incluye comentarios de Napoleón Bonaparte. |
||
| 260 |
_aBogotá : _bPanamericana editorial, _c1999 |
||
| 300 | _a227 páginas. | ||
| 500 | _aIncluye índice. | ||
| 505 | _aDedicatoria -- Extractos de los discursos de Maquiavelo sobre las décadas de Tito Livio | ||
| 650 |
_aCiencia política _xHistoria |
||
| 700 |
_aGonzález Blanco, Edmundo S., _etraductor |
||
| 942 |
_2ddc _cBK _h320.1 _iM297p _n0 |
||
| 999 |
_c27871 _d27871 |
||